Bibliografický katalog ČSSR české knihy

Guardado en:
Detalles Bibliográficos
Formato: Seriadas
Lenguaje:checo
Publicado: Praha Stát. knih. ČSR 1987
Etiquetas: Agregar Etiqueta
Sin Etiquetas, Sea el primero en etiquetar este registro!

MARC

LEADER 00000nas2a2200000 4500
001 s031799
005 20250730114142.4
041 0 |a cze 
044 |a CZ 
245 1 0 |a Bibliografický katalog ČSSR  |b české knihy 
264 1 |a Praha  |b Stát. knih. ČSR  |c 1987 
300 |a 2 zv. 
773 0 |w eu_un_cat*s120556